The approaches to and importance of budgeting in not-for- profit organizations : (Record no. 27262)

MARC details
000 -LEADER
fixed length control field 005970000a22001570004500
008 - FIXED-LENGTH DATA ELEMENTS--GENERAL INFORMATION
fixed length control field 110202t xxu||||| |||| 00| 0 eng d
082 ## - DEWEY DECIMAL CLASSIFICATION NUMBER
Classification number 27262
090 ## - LOCALLY ASSIGNED LC-TYPE CALL NUMBER (OCLC); LOCAL CALL NUMBER (RLIN)
-- 27262
-- 27262
100 ## - MAIN ENTRY--PERSONAL NAME
Personal name Babirye, Margaret
9 (RLIN) 47073
245 ## - TITLE STATEMENT
Title The approaches to and importance of budgeting in not-for- profit organizations :
Remainder of title sharing youth centre nsambya-kampala /
Statement of responsibility, etc. Babirye Margaret
260 ## - PUBLICATION, DISTRIBUTION, ETC.
Place of publication, distribution, etc. Nkozi :
Name of publisher, distributor, etc. Uganda Martrys University,
Date of publication, distribution, etc. 2003
300 ## - PHYSICAL DESCRIPTION
Extent vii, 45 p. ;
Dimensions 30 cm.
500 ## - GENERAL NOTE
General note Business administration and management
650 ## - SUBJECT ADDED ENTRY--TOPICAL TERM
Topical term or geographic name entry element Budgeting-not for profit organizations
9 (RLIN) 47074
942 ## - ADDED ENTRY ELEMENTS (KOHA)
Koha item type UG Dissertations
Source of classification or shelving scheme Dewey Decimal Classification
Holdings
Withdrawn status Lost status Source of classification or shelving scheme Damaged status Not for loan Home library Current library Date acquired Total Checkouts Full call number Barcode Date last seen Date last checked out Price effective from Koha item type
    Dewey Decimal Classification     Archbishop Kiwanuka Memorial Library Archbishop Kiwanuka Memorial Library 01/11/2008 5 27262 27262 15/02/2018 04/11/2017 01/11/2008 UG Dissertations

Archbishop Kiwanuka Memorial Library | Uganda Martyrs University P.O. Box : 5498 Kampala, Uganda
Tel : +256-(0) 382-277-901 or +256-(0) 382-410-611 / E-mail : library@umu.ac.ug